De memorias, arcanos y otros poemas
Shranjeno v:
| Glavni avtor: | |
|---|---|
| Format: | Knjiga |
| Jezik: | španščina |
| Izdano: |
Viña del Mar
Ediciones Altazor
2013
|
| Izdaja: | 1a. ed |
| Teme: | |
| Oznake: |
Označite
Brez oznak, prvi označite!
|
MARC
| LEADER | 00000cam a2200000 a 4500 | ||
|---|---|---|---|
| 001 | UCE4342 | ||
| 003 | CL-VaPUC | ||
| 008 | 141023e20130000cl |||||||||||||||||spa|d | ||
| 020 | |a 9789569205286 | ||
| 082 | 0 | 4 | |a 861 |b SAL |2 21 |
| 100 | 0 | |a Salinas Bruzzone, Carlos |e author |9 576924 | |
| 245 | 1 | 0 | |a De memorias, arcanos y otros poemas |
| 250 | |a 1a. ed | ||
| 300 | |a 160 p | ||
| 942 | |c BK | ||
| 945 | |d 20141023 15:21:00 |a dcastane | ||
| 260 | |a Viña del Mar |b Ediciones Altazor |c 2013 | ||
| 650 | 0 | |a Poesías hispanoamericanas |9 267672 | |
| 650 | 0 | |a Poesías chilenas |9 265280 | |
| 650 | 0 | |a Literatura chilena |9 308278 | |
| 583 | |a last modification |c 20141023 15:21:00 |k Rodrigo Vera | ||
| 999 | |c 357340 |d 357338 | ||
| 952 | |0 0 |1 0 |3 erb |4 0 |6 861_000000000000000_SAL_2013 |7 0 |8 C |9 465232 |a BIBCUR |b BIBCUR |i 511974K |o 861 SAL 2013 |p 511974K |r 2025-04-22 |w 2019-11-23 |y BK |z Catalogado en:20141023 |k CAC | ||
| 952 | |0 0 |1 0 |3 erb |4 0 |6 861_000000000000000_SAL_2013 |7 0 |8 A |9 465233 |a BIBEDU |b BIBEDU |i 5119863 |o 861 SAL 2013 |p 5119863 |r 2019-11-23 |w 2019-11-23 |y BK |z Catalogado en:20141023 |k CUE | ||
| 952 | |0 0 |1 0 |3 erb |4 0 |6 861_000000000000000_SAL_2013 |7 0 |8 A |9 465234 |a BIBING |b BIBING |i 5119804 |o 861 SAL 2013 |p 5119804 |r 2025-01-20 |w 2019-11-23 |y BK |z Catalogado en:20141023 |k CUI | ||